000
00254 a2200109 4500
001
62880
082
_a
891.4392ISH
090
_c
37237
_d
37237
100
_a
Ishfaq Ahmad
245
_a
Dheenga Mushti(Talqeen Shah)
260
_b
Sang-e-Meel Publications
942
_a
NUST-CAE
_k
891.4392ISH
999
_c
297953
_d
297953